[Event "World Chess Olympiad 2018"]
[Site "Batumi"]
[Date "2018.10.01"]
[Round "7"]
[Board "4"]
[WhiteFideId "7700148"]
[White "Merritt Mario"]
[BlackFideId "6202268"]
[Black "Pheephacharakan Pinatpong"]
[Result "0-1"]
[LiveChessVersion "1.4.8"]
[BlackElo "1836"]
[WhiteElo "2175"]

1. Nf3 {[%clk 1:30:57]} Nf6 {[%clk 1:30:51]} 2. c4 {[%clk 1:31:08]} c5
{[%clk 1:31:16]} 3. g3 {[%clk 1:30:15]} g6 {[%clk 1:31:39]} 4. b3
{[%clk 1:30:12]} Bg7 {[%clk 1:32:04]} 5. Bb2 {[%clk 1:30:31]} O-O
{[%clk 1:32:09]} 6. Bg2 {[%clk 1:30:53]} Nc6 {[%clk 1:31:57]} 7. O-O
{[%clk 1:31:07]} d6 {[%clk 1:28:19]} 8. d3 {[%clk 1:23:44]} Bd7 {[%clk 1:28:23]}
9. a3 {[%clk 1:22:13]} Rb8 {[%clk 1:24:33]} 10. Nbd2 {[%clk 1:15:38]} a6
{[%clk 1:24:29]} 11. Ra2 {[%clk 1:14:21]} b5 {[%clk 1:19:57]} 12. Qa1
{[%clk 1:14:28]} e5 {[%clk 1:02:46]} 13. Ne1 {[%clk 0:59:05]} Bh6
{[%clk 0:41:35]} 14. e3 {[%clk 0:56:47]} Ng4 {[%clk 0:37:23]} 15. Nc2
{[%clk 0:56:47]} f5 {[%clk 0:27:24]} 16. h3 {[%clk 0:56:46]} Nf6 {[%clk 0:27:48]}
17. f4 {[%clk 0:57:06]} Nh5 {[%clk 0:22:52]} 18. Kh2 {[%clk 0:56:24]} Qe7
{[%clk 0:17:52]} 19. Re1 {[%clk 0:46:55]} Rbe8 {[%clk 0:17:50]} 20. Bd5+
{[%clk 0:38:16]} Kh8 {[%clk 0:15:44]} 21. d4 {[%clk 0:38:29]} Bg7
{[%clk 0:14:00]} 22. dxc5 {[%clk 0:25:08]} dxc5 {[%clk 0:14:09]} 23. Nf3
{[%clk 0:25:00]} e4 {[%clk 0:11:09]} 24. Bxc6 {[%clk 0:24:52]} Bxc6
{[%clk 0:10:29]} 25. Ne5 {[%clk 0:25:02]} Bb7 {[%clk 0:10:41]} 26. b4
{[%clk 0:24:43]} bxc4 {[%clk 0:08:50]} 27. bxc5 {[%clk 0:24:37]} Rd8
{[%clk 0:07:58]} 28. Bd4 {[%clk 0:23:53]} Kg8 {[%clk 0:05:23]} 29. Qc3
{[%clk 0:18:56]} g5 {[%clk 0:03:09]} 30. Nb4 {[%clk 0:12:50]} Qe6
{[%clk 0:01:05]} 31. Rg2 {[%clk 0:08:26]} Bxe5 {[%clk 0:01:10]} 32. fxe5
{[%clk 0:08:31]} Rf7 {[%clk 0:00:57]} 33. Rc1 {[%clk 0:07:23]} a5
{[%clk 0:00:54]} 34. Na2 {[%clk 0:07:06]} Rg7 {[%clk 0:00:42]} 35. Qxc4
{[%clk 0:06:11]} Bd5 {[%clk 0:01:01]} 36. Qe2 {[%clk 0:06:34]} g4
{[%clk 0:01:07]} 37. h4 {[%clk 0:06:49]} Rb7 {[%clk 0:01:10]} 38. Nc3
{[%clk 0:05:42]} Bc4 {[%clk 0:01:26]} 39. Qd2 {[%clk 0:05:27]} Rb3
{[%clk 0:00:55]} 40. Na4 {[%clk 0:35:23]} Rxa3 {[%clk 0:30:41]} 41. Nb6
{[%clk 0:34:01]} Bb5 {[%clk 0:22:18]} 42. Rc3 {[%clk 0:25:45]} Rxc3
{[%clk 0:13:26]} 43. Qxc3 {[%clk 0:26:06]} Bc6 {[%clk 0:10:16]} 44. Qxa5
{[%clk 0:25:05]} f4 {[%clk 0:10:27]} 45. gxf4 {[%clk 0:22:25]} g3+
{[%clk 0:10:21]} 46. Kg1 {[%clk 0:22:09]} Qg4 {[%clk 0:08:29]} 47. Rd2
{[%clk 0:13:44]} Qf3 {[%clk 0:07:03]} 48. Qa2+ {[%clk 0:12:16]} Kf8
{[%clk 0:06:22]} 49. Qa1 {[%clk 0:02:05]} Nxf4 {[%clk 0:05:07]} 50. Qf1
{[%clk 0:02:16]} Nd3 {[%clk 0:02:20]} 51. Qxf3+ {[%clk 0:01:08]} exf3
{[%clk 0:02:43]} 52. Rxd3 {[%clk 0:01:03]} f2+ {[%clk 0:03:05]} 0-1

[Event "World Chess Olympiad 2018"]
[Site "Batumi"]
[Date "2018.10.01"]
[Round "7"]
[Board "1"]
[WhiteFideId "5500419"]
[White "Amdouni Zoubaier"]
[BlackFideId "3301478"]
[Black "Gemy Jose Daniel"]
[Result "1-0"]
[LiveChessVersion "1.4.8"]
[BlackElo "2400"]
[WhiteElo "2218"]

1. e4 {[%clk 1:30:56]} e5 {[%clk 1:30:51]} 2. Bc4 {[%clk 1:30:59]} Nf6
{[%clk 1:31:00]} 3. Nc3 {[%clk 1:31:21]} Bc5 {[%clk 1:31:08]} 4. d3
{[%clk 1:31:46]} Nc6 {[%clk 1:31:05]} 5. f4 {[%clk 1:32:10]} d6 {[%clk 1:31:24]}
6. Nf3 {[%clk 1:32:34]} Bg4 {[%clk 1:30:15]} 7. Na4 {[%clk 1:31:04]} exf4
{[%clk 1:25:51]} 8. Nxc5 {[%clk 1:28:16]} dxc5 {[%clk 1:26:16]} 9. Bxf4
{[%clk 1:27:12]} Nh5 {[%clk 1:26:34]} 10. Be3 {[%clk 1:03:07]} O-O
{[%clk 1:05:37]} 11. Bxc5 {[%clk 0:43:37]} Ne5 {[%clk 1:04:58]} 12. O-O
{[%clk 0:41:52]} Bxf3 {[%clk 0:36:35]} 13. Rxf3 {[%clk 0:38:33]} Nxc4
{[%clk 0:36:59]} 14. Rf2 {[%clk 0:20:41]} Nf6 {[%clk 0:33:17]} 15. Bxf8
{[%clk 0:18:33]} Qxf8 {[%clk 0:25:13]} 16. dxc4 {[%clk 0:09:07]} Nxe4
{[%clk 0:24:47]} 17. Rf5 {[%clk 0:09:37]} Qb4 {[%clk 0:16:05]} 18. Qd4
{[%clk 0:08:57]} Nd6 {[%clk 0:16:27]} 19. Re5 {[%clk 0:04:20]} b6
{[%clk 0:08:58]} 20. Rae1 {[%clk 0:04:08]} h6 {[%clk 0:08:19]} 21. a3
{[%clk 0:02:46]} Qa4 {[%clk 0:08:12]} 22. b4 {[%clk 0:02:35]} Qxc2
{[%clk 0:02:08]} 23. c5 {[%clk 0:02:56]} Nb5 {[%clk 0:01:56]} 24. Qd5
{[%clk 0:02:15]} Rf8 {[%clk 0:02:11]} 25. cxb6 {[%clk 0:02:38]} c6
{[%clk 0:00:57]} 26. Qc5 {[%clk 0:02:54]} Qa4 {[%clk 0:00:31]} 27. Qxf8+ 1-0

[Event "World Chess Olympiad 2018"]
[Site "Batumi"]
[Date "2018.10.01"]
[Round "7"]
[Board "2"]
[WhiteFideId "3304094"]
[White "Bolanos Fernando"]
[BlackFideId "5500796"]
[Black "Zaibi Amir"]
[Result "0-1"]
[LiveChessVersion "1.4.8"]
[BlackElo "2361"]
[WhiteElo "2215"]

1. e4 {[%clk 1:30:58]} c5 {[%clk 1:30:55]} 2. Nf3 {[%clk 1:31:26]} e6
{[%clk 1:31:19]} 3. d4 {[%clk 1:31:53]} cxd4 {[%clk 1:31:43]} 4. Nxd4
{[%clk 1:32:20]} Nc6 {[%clk 1:32:05]} 5. Nb5 {[%clk 1:32:46]} Nf6
{[%clk 1:29:21]} 6. N1c3 {[%clk 1:31:12]} Bb4 {[%clk 1:29:28]} 7. a3
{[%clk 1:31:32]} Bxc3+ {[%clk 1:29:47]} 8. Nxc3 {[%clk 1:31:57]} d5
{[%clk 1:29:27]} 9. exd5 {[%clk 1:24:30]} exd5 {[%clk 1:29:51]} 10. Bd3
{[%clk 1:10:31]} O-O {[%clk 1:29:29]} 11. O-O {[%clk 1:10:34]} Bg4
{[%clk 1:26:16]} 12. f3 {[%clk 1:03:14]} Be6 {[%clk 1:26:21]} 13. Kh1
{[%clk 1:03:09]} d4 {[%clk 1:22:40]} 14. Ne4 {[%clk 0:56:40]} Nxe4
{[%clk 1:22:19]} 15. Bxe4 {[%clk 0:50:21]} Bd5 {[%clk 1:22:28]} 16. Re1
{[%clk 0:34:01]} Re8 {[%clk 1:21:15]} 17. Qd3 {[%clk 0:31:31]} Bxe4
{[%clk 1:03:41]} 18. Rxe4 {[%clk 0:31:41]} Qd5 {[%clk 1:03:53]} 19. Rxe8+
{[%clk 0:13:27]} Rxe8 {[%clk 1:04:18]} 20. Bf4 {[%clk 0:13:52]} Qa2
{[%clk 1:03:16]} 21. Qf1 {[%clk 0:02:26]} Qxb2 {[%clk 1:03:15]} 22. Re1
{[%clk 0:02:51]} Rxe1 {[%clk 1:02:56]} 23. Qxe1 {[%clk 0:03:20]} Qxa3
{[%clk 1:03:01]} 24. h4 {[%clk 0:02:08]} Qe7 {[%clk 1:02:55]} 25. Qg3
{[%clk 0:01:40]} a5 {[%clk 1:02:29]} 26. h5 {[%clk 0:01:55]} f6 {[%clk 0:56:22]}
27. Qg4 {[%clk 0:01:59]} Kf7 {[%clk 0:55:01]} 28. h6 {[%clk 0:01:44]} g6
{[%clk 0:53:37]} 29. Bd2 {[%clk 0:00:39]} Qe6 {[%clk 0:52:51]} 30. Qf4
{[%clk 0:00:47]} Qe5 {[%clk 0:52:35]} 0-1

[Event "World Chess Olympiad 2018"]
[Site "Batumi"]
[Date "2018.10.01"]
[Round "7"]
[Board "3"]
[WhiteFideId "5500460"]
[White "Boudriga Mohamed Ali"]
[BlackFideId "3303144"]
[Black "Pinto Daniel"]
[Result "1/2-1/2"]
[LiveChessVersion "1.4.8"]
[BlackElo "2131"]
[WhiteElo "2376"]

1. d4 {[%clk 1:30:54]} Nf6 {[%clk 1:30:46]} 2. c4 {[%clk 1:30:41]} c6
{[%clk 1:30:58]} 3. Nf3 {[%clk 1:29:06]} d5 {[%clk 1:31:21]} 4. g3
{[%clk 1:28:42]} e6 {[%clk 1:30:30]} 5. Bg2 {[%clk 1:28:57]} Bd6 {[%clk 1:29:44]}
6. O-O {[%clk 1:29:11]} O-O {[%clk 1:30:04]} 7. Nc3 {[%clk 1:29:15]} Nbd7
{[%clk 1:29:42]} 8. Nd2 {[%clk 1:24:23]} Re8 {[%clk 1:26:51]} 9. e4
{[%clk 1:24:35]} dxe4 {[%clk 1:26:30]} 10. Ndxe4 {[%clk 1:24:48]} Bf8
{[%clk 1:15:25]} 11. Re1 {[%clk 1:06:02]} Nxe4 {[%clk 1:11:35]} 12. Nxe4
{[%clk 1:06:06]} e5 {[%clk 1:02:24]} 13. d5 {[%clk 0:58:13]} cxd5
{[%clk 0:48:34]} 14. Qxd5 {[%clk 0:53:07]} Nb6 {[%clk 0:34:19]} 15. Qxd8
{[%clk 0:50:50]} Rxd8 {[%clk 0:34:42]} 16. b3 {[%clk 0:44:31]} Bb4
{[%clk 0:31:47]} 17. Bd2 {[%clk 0:40:00]} Bxd2 {[%clk 0:27:39]} 18. Rad1
{[%clk 0:30:40]} Nxc4 {[%clk 0:12:23]} 19. bxc4 {[%clk 0:29:05]} Ba5
{[%clk 0:12:49]} 20. Rxd8+ {[%clk 0:28:25]} Bxd8 {[%clk 0:13:17]} 21. Nd6
{[%clk 0:28:20]} Be7 {[%clk 0:07:18]} 22. Bxb7 {[%clk 0:13:32]} Bxb7
{[%clk 0:06:21]} 23. Nxb7 {[%clk 0:11:17]} f6 {[%clk 0:06:50]} 24. Re2
{[%clk 0:02:50]} Rc8 {[%clk 0:06:39]} 25. Rc2 {[%clk 0:03:13]} Rc7
{[%clk 0:06:24]} 26. Na5 {[%clk 0:03:40]} Bb4 {[%clk 0:05:52]} 27. Nb3
{[%clk 0:04:02]} Kf7 {[%clk 0:06:16]} 28. Kf1 {[%clk 0:04:14]} Ke6
{[%clk 0:06:14]} 29. Ke2 {[%clk 0:04:40]} Kd6 {[%clk 0:02:13]} 30. f3
{[%clk 0:03:56]} Kc6 {[%clk 0:01:58]} 31. g4 {[%clk 0:02:19]} Kb6
{[%clk 0:02:16]} 32. Ke3 {[%clk 0:02:27]} a5 {[%clk 0:01:10]} 33. Nc1
{[%clk 0:01:57]} Bc5+ {[%clk 0:00:59]} 34. Ke4 {[%clk 0:01:58]} Rd7
{[%clk 0:00:48]} 35. Rb2+ {[%clk 0:01:28]} Kc6 {[%clk 0:01:12]} 36. Nb3
{[%clk 0:01:00]} Bb4 {[%clk 0:00:32]} 37. Rc2 {[%clk 0:00:51]} a4
{[%clk 0:00:47]} 38. Nc1 {[%clk 0:01:19]} g6 {[%clk 0:00:31]} 39. Ke3
{[%clk 0:01:24]} Bc5+ {[%clk 0:00:45]} 40. Ke2 {[%clk 0:31:52]} h5
{[%clk 0:30:39]} 41. gxh5 {[%clk 0:23:07]} gxh5 {[%clk 0:31:08]} 42. Rd2
{[%clk 0:23:11]} Bd4 {[%clk 0:26:40]} 43. Rc2 {[%clk 0:22:31]} h4
{[%clk 0:23:37]} 44. Nd3 {[%clk 0:20:49]} Rg7 {[%clk 0:23:56]} 45. Nb4+
{[%clk 0:20:56]} Kd6 {[%clk 0:24:17]} 46. Kd3 {[%clk 0:20:16]} h3
{[%clk 0:23:21]} 47. Nd5 Ke6 {[%clk 0:19:23]} 48. Re2 {[%clk 0:12:37]} Kf5
{[%clk 0:15:48]} 49. Ne3+ {[%clk 0:04:50]} Kf4 {[%clk 0:14:28]} 50. Nc2
{[%clk 0:04:42]} Kxf3 {[%clk 0:11:19]} 51. Nxd4+ {[%clk 0:03:51]} exd4
{[%clk 0:11:44]} 52. c5 {[%clk 0:04:09]} Rg1 {[%clk 0:00:48]} 53. Rc2
{[%clk 0:03:41]} Rd1+ {[%clk 0:01:14]} 54. Kc4 {[%clk 0:03:25]} d3
{[%clk 0:01:39]} 55. Rc3 {[%clk 0:03:34]} Kg2 {[%clk 0:00:33]} 56. Rxd3
{[%clk 0:02:20]} Rc1+ {[%clk 0:01:03]} 57. Rc3 {[%clk 0:02:35]} Rxc3+
{[%clk 0:01:30]} 58. Kxc3 {[%clk 0:02:59]} Kxh2 {[%clk 0:01:56]} 59. c6
{[%clk 0:03:00]} Kg1 {[%clk 0:00:35]} 60. c7 {[%clk 0:03:04]} h2 {[%clk 0:01:01]}
61. c8=Q {[%clk 0:03:19]} h1=Q {[%clk 0:01:22]} 62. Qc5+ {[%clk 0:03:01]} Kg2
{[%clk 0:00:54]} 63. Qd5+ {[%clk 0:02:29]} Kh2 {[%clk 0:01:11]} 64. Qh5+
{[%clk 0:02:05]} Kg2 {[%clk 0:01:23]} 65. Qd5+ {[%clk 0:02:02]} Kh2
{[%clk 0:01:45]} 1/2-1/2

[Event "World Chess Olympiad 2018"]
[Site "Batumi"]
[Date "2018.10.01"]
[Round "7"]
[Board "4"]
[WhiteFideId "3302105"]
[White "Rozo Paulo"]
[BlackFideId "5501733"]
[Black "Bouzidi Ahmed"]
[Result "1-0"]
[LiveChessVersion "1.4.8"]
[BlackElo "2246"]
[WhiteElo "2157"]

1. e4 {[%clk 1:30:56]} c5 {[%clk 1:28:17]} 2. c3 {[%clk 1:31:18]} Nf6
{[%clk 1:22:10]} 3. e5 {[%clk 1:31:40]} Nd5 {[%clk 1:22:36]} 4. Bc4
{[%clk 1:32:01]} Nb6 {[%clk 1:23:01]} 5. Bb3 {[%clk 1:32:22]} c4 {[%clk 1:23:27]}
6. Bc2 {[%clk 1:32:45]} Nc6 {[%clk 1:23:55]} 7. Nf3 {[%clk 1:32:57]} Qc7
{[%clk 1:24:21]} 8. Qe2 {[%clk 1:33:14]} g5 {[%clk 1:24:37]} 9. Nxg5
{[%clk 1:17:32]} Qxe5 {[%clk 1:22:34]} 10. d4 {[%clk 1:12:53]} cxd3
{[%clk 1:21:41]} 11. Bxd3 {[%clk 1:12:59]} Qxe2+ {[%clk 1:11:00]} 12. Bxe2
{[%clk 1:13:04]} h6 {[%clk 1:09:45]} 13. Nf3 {[%clk 1:05:03]} Bg7
{[%clk 1:02:37]} 14. Na3 {[%clk 1:03:35]} a6 {[%clk 1:00:49]} 15. Bd2
{[%clk 0:57:55]} d5 {[%clk 1:00:28]} 16. Be3 {[%clk 0:49:27]} Na4
{[%clk 0:47:47]} 17. O-O-O {[%clk 0:48:56]} b5 {[%clk 0:41:02]} 18. Nc2
{[%clk 0:26:08]} b4 {[%clk 0:36:21]} 19. Nxb4 {[%clk 0:24:05]} Nxb4
{[%clk 0:36:43]} 20. cxb4 {[%clk 0:24:32]} Bxb2+ {[%clk 0:27:16]} 21. Kc2
{[%clk 0:22:57]} Be6 {[%clk 0:27:33]} 22. Nd4 {[%clk 0:21:59]} Rc8+
{[%clk 0:27:56]} 23. Kb1 {[%clk 0:14:12]} Ba3 {[%clk 0:25:00]} 24. Bxa6
{[%clk 0:10:26]} Rb8 {[%clk 0:20:44]} 25. Nc6 {[%clk 0:06:52]} Ra8
{[%clk 0:20:08]} 26. Bd3 {[%clk 0:01:30]} Nc3+ {[%clk 0:15:56]} 27. Kc2
{[%clk 0:01:58]} Nxd1 {[%clk 0:15:16]} 28. Rxd1 {[%clk 0:02:26]} Bd7
{[%clk 0:14:10]} 29. b5 {[%clk 0:01:16]} Bd6 {[%clk 0:14:31]} 30. Kb3
{[%clk 0:00:46]} e5 {[%clk 0:14:26]} 31. a4 {[%clk 0:00:51]} Be6 {[%clk 0:14:23]}
32. Bc1 {[%clk 0:00:41]} d4+ {[%clk 0:12:04]} 33. Bc4 {[%clk 0:01:07]} Bxc4+
{[%clk 0:12:19]} 34. Kxc4 {[%clk 0:01:36]} Rxa4+ {[%clk 0:12:35]} 35. Kd5
{[%clk 0:02:05]} Kd7 {[%clk 0:11:50]} 36. Nxe5+ {[%clk 0:01:32]} Bxe5
{[%clk 0:12:09]} 37. Kxe5 {[%clk 0:02:01]} Re8+ {[%clk 0:11:18]} 38. Kf5
{[%clk 0:01:16]} Re6 {[%clk 0:09:25]} 39. Be3 {[%clk 0:00:55]} Rd6
{[%clk 0:09:27]} 40. Bf4 {[%clk 0:31:21]} Rd5+ {[%clk 0:39:35]} 41. Ke4
{[%clk 0:30:47]} Ke6 {[%clk 0:39:23]} 42. b6 {[%clk 0:23:34]} Rb4
{[%clk 0:37:07]} 43. Bc7 {[%clk 0:16:44]} f5+ {[%clk 0:37:03]} 44. Kd3
{[%clk 0:16:15]} Rc5 {[%clk 0:37:02]} 45. Rd2 {[%clk 0:08:24]} Rc3+
{[%clk 0:36:14]} 46. Ke2 {[%clk 0:08:51]} Kd5 {[%clk 0:36:29]} 47. Ra2
{[%clk 0:04:00]} Rcb3 {[%clk 0:33:20]} 48. Ra5+ {[%clk 0:03:17]} Rb5
{[%clk 0:33:18]} 49. Rxb5+ {[%clk 0:02:48]} Rxb5 {[%clk 0:33:43]} 50. Kd3
{[%clk 0:03:14]} Rb3+ {[%clk 0:33:59]} 51. Kc2 {[%clk 0:03:41]} Kc4
{[%clk 0:34:19]} 52. g3 {[%clk 0:03:25]} h5 {[%clk 0:33:20]} 53. h4
{[%clk 0:03:50]} d3+ {[%clk 0:33:36]} 54. Kc1 {[%clk 0:04:06]} Kd4
{[%clk 0:33:53]} 55. Bf4 {[%clk 0:03:32]} Ke4 {[%clk 0:34:05]} 56. Be3
{[%clk 0:01:27]} Kd5 {[%clk 0:30:01]} 57. Kd2 {[%clk 0:00:44]} Kc4
{[%clk 0:26:30]} 58. Kc1 {[%clk 0:01:11]} Rb5 {[%clk 0:26:33]} 59. Kd1
{[%clk 0:00:57]} Rb2 {[%clk 0:26:09]} 60. Kc1 {[%clk 0:00:41]} Rc2+
{[%clk 0:26:14]} 61. Kb1 {[%clk 0:00:35]} Kc3 {[%clk 0:26:23]} 62. Bd4+
{[%clk 0:00:38]} Kxd4 {[%clk 0:17:58]} 63. b7 {[%clk 0:01:06]} Rxf2
{[%clk 0:14:45]} 64. b8=Q {[%clk 0:01:33]} Ke3 {[%clk 0:10:44]} 65. Qe5+
{[%clk 0:02:01]} Kd2 {[%clk 0:11:01]} 66. Kb2 {[%clk 0:02:20]} Re2
{[%clk 0:08:04]} 67. Qa5+ {[%clk 0:01:12]} Ke3+ {[%clk 0:01:18]} 68. Kc3
{[%clk 0:01:40]} Rc2+ {[%clk 0:01:26]} 69. Kb3 {[%clk 0:02:02]} Rf2
{[%clk 0:01:13]} 70. Qe5+ {[%clk 0:02:20]} Kd2 {[%clk 0:01:33]} 71. Kc4
{[%clk 0:02:40]} Rf3 {[%clk 0:01:42]} 72. Qb2+ {[%clk 0:00:38]} Ke1
{[%clk 0:01:32]} 73. Qg2 {[%clk 0:00:45]} d2 {[%clk 0:00:47]} 74. Qxf3
{[%clk 0:01:12]} d1=Q {[%clk 0:00:55]} 75. Qxd1+ {[%clk 0:01:39]} Kxd1
{[%clk 0:01:14]} 76. Kd3 {[%clk 0:01:59]} Ke1 {[%clk 0:01:30]} 77. Ke3
{[%clk 0:02:28]} Kf1 {[%clk 0:01:36]} 78. Kf3 {[%clk 0:02:57]} Ke1
{[%clk 0:01:46]} 79. Kf4 {[%clk 0:03:13]} Kf2 {[%clk 0:02:12]} 80. Kxf5
{[%clk 0:03:39]} Kxg3 {[%clk 0:00:42]} 81. Kg5 {[%clk 0:04:07]} Kf3
{[%clk 0:00:42]} 82. Kxh5 {[%clk 0:04:34]} Kf4 {[%clk 0:00:51]} 83. Kg6
{[%clk 0:05:02]} 1-0

[Event "World Chess Olympiad 2018"]
[Site "Batumi"]
[Date "2018.10.01"]
[Round "7"]
[Board "1"]
[WhiteFideId "32500084"]
[White "Deng Cypriano Rehan"]
[BlackFideId "5122279"]
[Black "Cofre Archibold Nestor"]
[Result "1/2-1/2"]
[LiveChessVersion "1.4.8"]
[BlackElo "2346"]
[WhiteElo "2095"]

1. c4 {[%clk 1:30:56]} g6 {[%clk 1:30:37]} 2. Nc3 {[%clk 1:31:08]} Bg7
{[%clk 1:31:01]} 3. Nf3 {[%clk 1:31:11]} c5 {[%clk 1:31:25]} 4. g3
{[%clk 1:31:26]} Nc6 {[%clk 1:31:46]} 5. Bg2 {[%clk 1:31:44]} d6 {[%clk 1:31:21]}
6. b3 {[%clk 1:31:56]} e5 {[%clk 1:31:33]} 7. Bb2 {[%clk 1:32:14]} Nge7
{[%clk 1:31:55]} 8. O-O {[%clk 1:32:21]} h6 {[%clk 1:30:43]} 9. e3
{[%clk 1:31:54]} O-O {[%clk 1:29:31]} 10. d3 {[%clk 1:30:52]} Be6
{[%clk 1:29:53]} 11. a3 {[%clk 1:30:45]} Qd7 {[%clk 1:28:43]} 12. Re1
{[%clk 1:30:34]} Rad8 {[%clk 1:28:16]} 13. Qc2 {[%clk 1:30:44]} b6
{[%clk 1:27:22]} 14. Rad1 {[%clk 1:26:41]} d5 {[%clk 1:26:30]} 15. Ne2
{[%clk 1:19:50]} d4 {[%clk 1:19:46]} 16. exd4 {[%clk 1:17:59]} cxd4
{[%clk 1:12:05]} 17. b4 {[%clk 1:16:45]} f5 {[%clk 1:12:15]} 18. Nc1
{[%clk 1:15:29]} Qd6 {[%clk 0:56:03]} 19. b5 {[%clk 1:14:29]} Na5
{[%clk 0:53:13]} 20. Nxe5 {[%clk 1:14:20]} f4 {[%clk 0:53:02]} 21. Qe2
{[%clk 1:12:29]} fxg3 {[%clk 0:50:20]} 22. hxg3 {[%clk 1:12:20]} Rde8
{[%clk 0:50:35]} 23. Qe4 {[%clk 0:50:56]} Nf5 {[%clk 0:41:41]} 24. g4
{[%clk 0:49:34]} Nh4 {[%clk 0:27:55]} 25. Qxd4 {[%clk 0:48:22]} Qxd4
{[%clk 0:27:19]} 26. Bxd4 {[%clk 0:48:41]} Nxg2 {[%clk 0:26:39]} 27. Kxg2
{[%clk 0:48:54]} Rf4 {[%clk 0:26:25]} 28. Ne2 {[%clk 0:48:03]} Rf6
{[%clk 0:13:23]} 29. f3 {[%clk 0:47:35]} Bc8 {[%clk 0:12:16]} 30. Bc3
{[%clk 0:43:09]} Bb7 {[%clk 0:12:33]} 31. Ng1 {[%clk 0:40:08]} Rfe6
{[%clk 0:12:46]} 32. Bxa5 {[%clk 0:39:49]} Bxe5 {[%clk 0:12:13]} 33. Bb4
{[%clk 0:39:05]} h5 {[%clk 0:09:32]} 34. g5 {[%clk 0:37:52]} Bd4 {[%clk 0:08:33]}
35. Rxe6 {[%clk 0:37:57]} Rxe6 {[%clk 0:09:01]} 36. Re1 {[%clk 0:37:32]} Rxe1
{[%clk 0:09:18]} 37. Bxe1 {[%clk 0:38:00]} Be3 {[%clk 0:09:05]} 38. Nh3
{[%clk 0:37:35]} Kf7 {[%clk 0:07:12]} 39. Bf2 {[%clk 0:37:12]} Bd2
{[%clk 0:06:55]} 40. d4 {[%clk 1:05:58]} Bc8 {[%clk 0:36:38]} 41. d5
{[%clk 1:00:14]} Bf5 {[%clk 0:25:54]} 42. c5 {[%clk 0:56:35]} Ke7
{[%clk 0:14:06]} 43. cxb6 {[%clk 0:47:23]} axb6 {[%clk 0:14:31]} 44. Bxb6
{[%clk 0:47:44]} Kd6 {[%clk 0:14:59]} 45. Bd8 {[%clk 0:47:11]} Be3
{[%clk 0:10:44]} 46. Nf2 {[%clk 0:43:07]} Bxf2 {[%clk 0:09:22]} 47. Kxf2
{[%clk 0:43:14]} Kxd5 {[%clk 0:09:46]} 48. Ke3 {[%clk 0:39:24]} Kc5
{[%clk 0:05:58]} 49. b6 {[%clk 0:39:04]} Kc6 {[%clk 0:06:05]} 50. a4
{[%clk 0:38:32]} Bc8 {[%clk 0:04:59]} 51. a5 {[%clk 0:37:53]} h4 {[%clk 0:03:39]}
52. Bc7 {[%clk 0:34:28]} h3 {[%clk 0:03:06]} 53. Kf2 {[%clk 0:34:15]} Kb7
{[%clk 0:02:25]} 54. Ke3 {[%clk 0:32:41]} Ka6 {[%clk 0:02:49]} 55. Kf2
{[%clk 0:31:20]} h2 {[%clk 0:01:53]} 56. Bxh2 {[%clk 0:30:33]} Kxa5
{[%clk 0:02:17]} 57. Bc7 {[%clk 0:30:17]} Ka6 {[%clk 0:02:44]} 1/2-1/2

[Event "World Chess Olympiad 2018"]
[Site "Batumi"]
[Date "2018.10.01"]
[Round "7"]
[Board "2"]
[WhiteFideId "5107407"]
[White "Rojas Alarcon Julian Antonio"]
[BlackFideId "32500122"]
[Black "Deng Khor Kuol Michael"]
[Result "1-0"]
[LiveChessVersion "1.4.8"]
[BlackElo "2000"]
[WhiteElo "2387"]

1. d4 {[%clk 1:30:41]} d5 {[%clk 1:29:50]} 2. c4 {[%clk 1:30:58]} e6
{[%clk 1:30:13]} 3. Nc3 {[%clk 1:31:16]} Nf6 {[%clk 1:29:38]} 4. Nf3
{[%clk 1:31:18]} a6 {[%clk 1:28:57]} 5. cxd5 {[%clk 1:28:16]} exd5
{[%clk 1:29:14]} 6. Bg5 {[%clk 1:28:31]} Be7 {[%clk 1:28:50]} 7. Qc2
{[%clk 1:26:48]} c6 {[%clk 1:28:13]} 8. e3 {[%clk 1:24:55]} b5 {[%clk 1:26:47]}
9. Bd3 {[%clk 1:20:26]} h6 {[%clk 1:22:37]} 10. Bh4 {[%clk 1:18:03]} Nbd7
{[%clk 1:22:30]} 11. Rd1 {[%clk 1:17:29]} Bb7 {[%clk 1:21:47]} 12. O-O
{[%clk 1:17:22]} O-O {[%clk 1:22:06]} 13. a3 {[%clk 1:14:08]} Re8
{[%clk 1:22:12]} 14. h3 {[%clk 1:13:32]} Ne4 {[%clk 1:21:25]} 15. Bxe4
{[%clk 1:00:40]} Bxh4 {[%clk 1:19:31]} 16. Bh7+ {[%clk 1:00:43]} Kh8
{[%clk 1:19:20]} 17. Bd3 {[%clk 1:01:01]} Be7 {[%clk 1:17:07]} 18. e4
{[%clk 1:01:20]} dxe4 {[%clk 1:15:57]} 19. Nxe4 {[%clk 0:59:56]} Qc7
{[%clk 1:16:09]} 20. Rc1 {[%clk 0:50:28]} Rac8 {[%clk 1:16:04]} 21. b4
{[%clk 0:50:14]} Qf4 {[%clk 1:12:21]} 22. Rfe1 {[%clk 0:45:44]} a5
{[%clk 1:10:44]} 23. bxa5 {[%clk 0:40:54]} Bxa3 {[%clk 1:11:06]} 24. a6
{[%clk 0:37:36]} Ba8 {[%clk 1:11:15]} 25. Ra1 {[%clk 0:37:50]} Bf8
{[%clk 1:09:01]} 26. Ned2 {[%clk 0:37:40]} Red8 {[%clk 1:06:19]} 27. Qb3
{[%clk 0:35:47]} Kg8 {[%clk 0:56:29]} 28. Nf1 {[%clk 0:32:32]} Nf6
{[%clk 0:54:21]} 29. Re5 {[%clk 0:29:33]} Rxd4 {[%clk 0:50:09]} 30. g3
{[%clk 0:29:12]} Rxd3 {[%clk 0:48:17]} 31. Qxd3 {[%clk 0:29:41]} Qb4
{[%clk 0:47:22]} 32. N3d2 {[%clk 0:26:52]} Qb2 {[%clk 0:46:44]} 33. Ree1
{[%clk 0:27:06]} Qb4 {[%clk 0:28:59]} 34. Rec1 {[%clk 0:23:12]} Re8
{[%clk 0:18:36]} 35. a7 {[%clk 0:22:37]} Nd5 {[%clk 0:16:49]} 36. Nh2
{[%clk 0:06:19]} Qd6 {[%clk 0:16:24]} 37. Nhf3 {[%clk 0:05:51]} Qd7
{[%clk 0:16:38]} 38. Re1 {[%clk 0:03:13]} Rd8 {[%clk 0:13:35]} 39. h4
{[%clk 0:03:25]} c5 {[%clk 0:09:49]} 40. Ne5 {[%clk 0:31:13]} Qb7
{[%clk 0:38:52]} 41. Qf3 {[%clk 0:31:07]} Qc7 {[%clk 0:33:50]} 42. Qb3
{[%clk 0:26:43]} Nb4 {[%clk 0:33:50]} 43. Qc3 {[%clk 0:20:09]} Qb7
{[%clk 0:29:01]} 44. f3 {[%clk 0:12:45]} c4 {[%clk 0:29:12]} 45. Ndxc4
{[%clk 0:10:01]} Rd3 {[%clk 0:27:00]} 46. Nxd3 {[%clk 0:04:55]} Qxf3
{[%clk 0:27:25]} 47. Ne3 {[%clk 0:05:23]} Nd5 {[%clk 0:20:35]} 48. Nxd5
{[%clk 0:01:27]} Bxd5 49. Qb2 Qxg3+ {[%clk 0:16:20]} 50. Kf1 {[%clk 0:02:02]}
Qxd3+ {[%clk 0:14:52]} 51. Re2 {[%clk 0:02:32]} Qh3+ {[%clk 0:14:16]} 52. Ke1
{[%clk 0:01:06]} Qxh4+ {[%clk 0:04:58]} 53. Kd1 {[%clk 0:01:36]} Qc4
{[%clk 0:04:02]} 54. Qd2 {[%clk 0:00:34]} Qb3+ {[%clk 0:04:13]} 55. Qc2
{[%clk 0:00:50]} Qf3 {[%clk 0:04:10]} 56. Qd2 {[%clk 0:00:46]} Bb3+
{[%clk 0:04:23]} 57. Kc1 Ba4 {[%clk 0:04:34]} 58. Qe3 {[%clk 0:00:57]} Qc6+
{[%clk 0:04:10]} 59. Kb2 {[%clk 0:01:20]} g6 {[%clk 0:02:32]} 60. Rc1
{[%clk 0:01:35]} 1-0